000
00232nam a2200097 a 4500
008
111125s2003|||| d
245
1
0
_a
MOravskoslezky kraj
260
_b
Proxima Bohemia
_a
Praha
_c
2003
020
_c
100
044
_a
xo
_c
SK
999
_c
19873
_d
19873